000 00323nam a22001457a 4500
008 210309b ||||| |||| 00| 0 eng d
020 _a9780132771580
041 _aeng
080 _22nd
_a330.722.6
082 _a330.722.6
100 _a61
101 _aKF
245 _aFinancial Accounting
_cKemp, R
942 _2udc
_cBK
999 _c56090
_d56090